000
00378nam a2200133Ia 4500
008
151001s9999||||xx |||||||||||||| ||und||
100
_a
भा ल महाबळ
245
_a
रम्य स्त्री अगम्य स्त्री
250
_a
1
260
_b
"नवल प्रकाशन,पुणे"
260
_c
2013
300
_a
164
365
_b
21
999
_c
999814
_d
999811